000 00687nam a22002177a 4500
003 UA-OsUOA
001 37638
007 ta
008 20070425b un ||||| |||| 00| 0 ukr d
090 _a050
_bР57
942 _cNP
040 _aUA-OsUOA
_bukr
_cUA-OsUOA
_dUA-OsUOA
245 _aРідне слово
955 _a1
041 _aukr
080 _a050
260 _aСербія і Чорногорія
_bРідне слово
310 _a28 лютого 2007. - №20
650 7 _a050 Серійні публікації. Періодика галузі, Організація та інші типи поєднання (співробітництва)
_2UDC
999 _c436163
_d436163